<?xml version="1.0" encoding="UTF-8"?>
<collection xmlns="http://www.loc.gov/MARC21/slim">
 <record>
  <leader>01414nam a2200229 a 4500</leader>
  <controlfield tag="001">1/49027</controlfield>
  <controlfield tag="008">190723s2018    gr       b    00010 gre  </controlfield>
  <datafield tag="020" ind1=" " ind2=" ">
   <subfield code="a">9786188390300</subfield>
  </datafield>
  <datafield tag="035" ind1=" " ind2=" ">
   <subfield code="l">52026</subfield>
  </datafield>
  <datafield tag="040" ind1=" " ind2=" ">
   <subfield code="a">GR-PeUP</subfield>
  </datafield>
  <datafield tag="082" ind1="0" ind2="0">
   <subfield code="a">938.69 ΝΤΑ</subfield>
  </datafield>
  <datafield tag="100" ind1="1" ind2=" ">
   <subfield code="a">Νταλούκας, Βάϊος Ευαγγέλου.</subfield>
  </datafield>
  <datafield tag="245" ind1="1" ind2="0">
   <subfield code="a">Πολεμώντας και γράφοντας στα μέτωπα του Β' Βαλκανικού Πολέμου /</subfield>
   <subfield code="c">Βάϊος Ευαγγέλου Νταλούκας.</subfield>
  </datafield>
  <datafield tag="260" ind1="0" ind2=" ">
   <subfield code="a">Τρίκαλα :</subfield>
   <subfield code="b">Εκπολιτιστικός Μορφωτικός Λαογραφικός Σύλλογος Δροσερού,</subfield>
   <subfield code="c">2018.</subfield>
  </datafield>
  <datafield tag="300" ind1=" " ind2=" ">
   <subfield code="a">118 σ. :</subfield>
   <subfield code="b">εικ., χάρτες ;</subfield>
   <subfield code="c">24 εκ.</subfield>
  </datafield>
  <datafield tag="504" ind1=" " ind2=" ">
   <subfield code="a">Βιβλιογραφία: σ. 116-118.</subfield>
  </datafield>
  <datafield tag="650" ind1=" " ind2="4">
   <subfield code="a">Βαλκανική Χερσόνησος</subfield>
   <subfield code="x">Ιστορία</subfield>
   <subfield code="x">Πόλεμοι</subfield>
   <subfield code="y">1912-1913</subfield>
   <subfield code="x">Προσωπικές αφηγήσεις.</subfield>
  </datafield>
  <datafield tag="651" ind1=" " ind2="4">
   <subfield code="a">Βαλκανική Χερσόνησος</subfield>
   <subfield code="x">Ιστορία</subfield>
   <subfield code="x">Πόλεμοι</subfield>
   <subfield code="y">1912-1913</subfield>
   <subfield code="x">Πηγές.</subfield>
  </datafield>
  <datafield tag="651" ind1=" " ind2="0">
   <subfield code="a">Balkan Peninsula</subfield>
   <subfield code="x">History</subfield>
   <subfield code="x">Wars</subfield>
   <subfield code="y">1912-1913</subfield>
   <subfield code="x">Sources.</subfield>
  </datafield>
  <datafield tag="651" ind1=" " ind2="0">
   <subfield code="a">Balkan Peninsula</subfield>
   <subfield code="x">History</subfield>
   <subfield code="x">Wars</subfield>
   <subfield code="y">1912-1913</subfield>
   <subfield code="x">Personal narratives.</subfield>
  </datafield>
  <datafield tag="710" ind1="2" ind2=" ">
   <subfield code="a">Εκπολιτιστικός Μορφωτικός Λαογραφικός Σύλλογος Δροσερού.</subfield>
  </datafield>
  <datafield tag="852" ind1=" " ind2=" ">
   <subfield code="a">INST</subfield>
   <subfield code="b">UNIPILB</subfield>
   <subfield code="c">MAIN</subfield>
   <subfield code="e">20190723</subfield>
   <subfield code="h">938.69 ΝΤΑ</subfield>
   <subfield code="p">00181786</subfield>
   <subfield code="q">00181786</subfield>
   <subfield code="t">LOAN</subfield>
   <subfield code="y">0</subfield>
   <subfield code="4">1</subfield>
  </datafield>
 </record>
</collection>
